| 000 | 00618nam a2200205Ia 4500 | ||
|---|---|---|---|
| 001 | 15507 | ||
| 003 | GE_BSU | ||
| 008 | 181216s||||||||xx |||||||||||||| ||und|| | ||
| 040 | _cGE_BSU | ||
| 080 | _a821.353.1-31 | ||
| 100 | _aჩხეიძე,ბორის | ||
| 245 | _aმოთხრობები. | ||
| 245 | _cრედ. გრ.ჩიქოვანი. მხატვ.ლ.ბურჯანაძე | ||
| 260 | _aთბილისი | ||
| 260 | _bსაბჭ. მწერალი | ||
| 260 | _c1956 | ||
| 300 | _a216გვ.20სმ. | ||
| 653 | _aმოთხრობები. | ||
| 942 | _cBK | ||
| 999 |
_c48607 _d48607 |
||